| 000 | 00000nam 2200000za 4500 |
| 001 | 9.830692 |
| 003 | CaOODSP |
| 005 | 20250403105832 |
| 007 | cr ||||||||||| |
| 008 | 170223s2017 onca|||#o f00| 0 fre d |
| 020 | |a978-0-660-07256-2 |
| 040 | |aCaOODSP|bfre |
| 043 | |an-cn--- |
| 086 | 1 |aCS72-211/2017-1F-PDF |
| 245 | 00|aFichier de familles T1, estimés préliminaires, 2015 |h[ressource électronique] / |cpar Division de la statistique du revenu, Statistique Canada. |
| 260 | |a[Ottawa] : |bStatistique Canada, |cc2017. |
| 300 | |a46 p. : |bill. |
| 490 | 1 |aRevenus de placements, contributions au REÉR et dons de charité guide de référence technique |v2017001 |
| 500 | |a« Date de diffusion : le 22 février 2017 ». |
| 500 | |aPubl. aussi en anglais sous le titre : T1 family file, preliminary estimates, 2015. |
| 520 | |a« Les données pour les produits associés à cette diffusion sont dérivées d’une version préliminaire d’un fichier que reçoit Statistique Canada de l’Agence du revenu du Canada (ARC). Les bénéfices venant de la disponibilité plus rapide de ce fichier sont aussi source d’une certaine perte précision par le fait même. Cette version préliminaire du fichier des déclarants, souvent appelée Fichier T1 préliminaire de familles, contient environ 97 % des enregistrements sur le fichier de l’ARC reçu 4 à 5 mois plus tard »--Source des données, p. 4. |
| 692 | 07|2gccst|aImpôt sur le revenu |
| 710 | 2 |aStatistique Canada. |
| 775 | 08|tT1 family file, preliminary estimates, 2015 |w(CaOODSP)9.830688 |
| 794 | |tFichier de familles T1, estimations préliminaires, 2016 |w(CaOODSP)9.850347 |
| 830 | #0|aRevenus de placements, contributions au REÉR et dons de charité guide de référence technique ;|v2017001|w(CaOODSP)9.830691 |
| 856 | 40|qPDF|s300 Ko|uhttps://publications.gc.ca/collections/collection_2017/statcan/72-211-x2017001-fra.pdf |